000
00337 a2200169 4500
001
189106
020
_a
85-16-05096-3
040
_c
Magnum
100
_a
Caruso, Carla
240
1
0
_a
Burle Marx
_l
por
245
1
0
_a
Burle Marx
300
_a
32
362
0
_a
2006
440
1
_a
Moderna
697
_a
PINTORES E PINTURAS
942
_c
BK
999
_c
189106
_d
189106